[Event "IECC TH-M email"]
[Site "IECC email"]
[Date "1999.05.28"]
[Round "?"]
[White "Menist, Dave"]
[Black "Berkley, Stephen W"]
[Result "0-1"]
[WhiteElo "1609"]
[BlackElo "1658"]
[PlyCount "51"]
[EventDate "1999.??.??"]
[EventType "match (corr)"]
[EventRounds "2"]
[SourceTitle "Corr 2008"]
[Source "ChessBase"]
[SourceDate "2008.06.24"]
[SourceVersion "1"]
[SourceVersionDate "2008.06.24"]
[SourceQuality "1"]

1. d4 f5 2. c4 Nf6 3. g3 g6 4. Bg2 Bg7 5. Nf3 d6 6. Nc3 0-0 7. 0-0 Nc6 8. d5 Ne5 9. Nxe5 dxe5 10. Qb3 h6 11. Rd1 Kh8 12. c5 g5 13. Qc2 e4 14. f4 g4 15. b4 Qe8 16. e3 Bd7 17. a4 Qf7 18. b5 Rad8 19. Rb1 Bc8 20. b6 cxb6 21. cxb6 a6 22. Ba3 Rfe8 23. d6 exd6 24. Rxd6 Rxd6 25. Bxd6 Rd8 26. Rd1 0-1